[Event "POL-ch qual U17 Girls"]
[Site "Lublin"]
[Date "2010.09.24"]
[Round "6.1"]
[White "Zawislak, Zaneta"]
[Black "Major, Katarzyna"]
[Result "0-1"]
[WhiteElo "1475"]
[BlackElo "1693"]
[PlyCount "50"]
[EventDate "2010.09.22"]
[EventType "tourn"]
[EventRounds "8"]
[EventCountry "POL"]
[SourceTitle "EXT 2023"]
[Source "ChessBase"]
[SourceDate "2022.10.05"]
[SourceVersion "1"]
[SourceVersionDate "2022.10.05"]
[SourceQuality "1"]

1. e4 Nf6 2. e5 Nd5 3. c4 Nb6 4. d4 d6 5. exd6 exd6 6. h3 Bf5 7. Nc3 Nc6 8. Nf3 Nb4 9. Qe2+ Be7 10. Ne4 d5 11. cxd5 Qxd5 12. Nfd2 Nc2+ 13. Kd1 Nxa1 14. b3 Qxd4 15. Qf3 Bxe4 16. Qxe4 Qxe4 17. Nxe4 f5 18. Nd2 0-0-0 19. Be2 Bb4 20. Re1 Nd5 21. Bb2 Nc3+ 22. Bxc3 Bxc3 23. Bf3 Rxd2+ 24. Kc1 Rc2+ 25. Kb1 Bxe1 0-1

[Event "POL-ch qual U17 Girls"]
[Site "Lublin"]
[Date "2010.09.23"]
[Round "3.2"]
[White "Dabrowska, Paula"]
[Black "Zawislak, Zaneta"]
[Result "0-1"]
[WhiteElo "1493"]
[BlackElo "1475"]
[PlyCount "46"]
[EventDate "2010.09.22"]
[EventType "tourn"]
[EventRounds "8"]
[EventCountry "POL"]
[SourceTitle "EXT 2023"]
[Source "ChessBase"]
[SourceDate "2022.10.05"]
[SourceVersion "1"]
[SourceVersionDate "2022.10.05"]
[SourceQuality "1"]

1. e4 e5 2. Nf3 Nc6 3. Bc4 Bc5 4. c3 d6 5. b4 Bb6 6. d3 Nf6 7. a4 a5 8. b5 Ne7 9. Bb3 Bg4 10. 0-0 Ng6 11. Be3 Nd7 12. Nbd2 0-0 13. h3 Bxf3 14. Nxf3 Nc5 15. Bc2 Qd7 16. Nd2 Rad8 17. Nc4 d5 18. Nxb6 cxb6 19. exd5 Qxd5 20. d4 exd4 21. Bxd4 Qg5 22. Qc1 Nf4 23. Bxh7+ Kh8 0-1

[Event "POL-ch qual U17 Girls"]
[Site "Lublin"]
[Date "2010.09.22"]
[Round "1.1"]
[White "Major, Katarzyna"]
[Black "Zawislak, Zaneta"]
[Result "1-0"]
[WhiteElo "1693"]
[BlackElo "1475"]
[PlyCount "67"]
[EventDate "2010.09.22"]
[EventType "tourn"]
[EventRounds "8"]
[EventCountry "POL"]
[SourceTitle "EXT 2023"]
[Source "ChessBase"]
[SourceDate "2022.10.05"]
[SourceVersion "1"]
[SourceVersionDate "2022.10.05"]
[SourceQuality "1"]

1. d4 d5 2. c4 e6 3. Nc3 Nf6 4. Nf3 Be7 5. Bg5 0-0 6. e3 b6 7. cxd5 Nxd5 8. Nxd5 exd5 9. Bxe7 Qxe7 10. Be2 Nd7 11. 0-0 Bb7 12. Rc1 c5 13. dxc5 Nxc5 14. Nd4 Rfd8 15. Bg4 Qe8 16. b4 Ne4 17. Qe2 Qa4 18. Rc7 Bc8 19. Qf3 Nf6 20. Bh5 Rd7 21. Rfc1 Rxc7 22. Rxc7 Qxa2 23. h3 Qb1+ 24. Kh2 Qxb4 25. Bxf7+ Kh8 26. Qg3 Ne4 27. Qe5 Qd6 28. Qxd6 Nxd6 29. Bxd5 Rb8 30. Rxa7 Bb7 31. Bxb7 Nxb7 32. Nc6 Rf8 33. Rxb7 h6 34. Kg3 1-0

[Event "POL-chT U19 2nd League"]
[Site "Chelm Lubelski"]
[Date "2010.07.10"]
[Round "6"]
[White "Piechota, Izabela"]
[Black "Zawislak, Zaneta"]
[Result "1-0"]
[WhiteElo "1805"]
[BlackElo "1514"]
[PlyCount "57"]
[EventDate "2010.07.06"]
[EventType "team-tourn"]
[EventRounds "11"]
[EventCountry "POL"]
[SourceTitle "EXT 2011"]
[Source "ChessBase"]
[SourceDate "2010.11.26"]
[SourceVersion "1"]
[SourceVersionDate "2010.11.26"]
[SourceQuality "1"]
[WhiteTeam "Wolsztyn UKS Szach U19"]
[BlackTeam "Lesniowice U19"]
[WhiteTeamCountry "POL"]
[BlackTeamCountry "POL"]

1. e4 e5 2. f4 Bc5 3. Nf3 d6 4. Bc4 Nc6 5. d3 Nf6 6. h3 0-0 7. Nc3 Bd7 8. a3 Re8 9. f5 h6 10. g4 Nh7 11. Na4 Nd4 12. Nxc5 Nxf3+ 13. Qxf3 Qh4+ 14. Ke2 dxc5 15. Be3 b6 16. Rag1 Kf8 17. Bf2 Qd8 18. h4 f6 19. Be3 c6 20. Rg2 Ke7 21. g5 fxg5 22. hxg5 Rh8 23. gxh6 gxh6 24. Rxh6 Qf8 25. Rgh2 Qg7 26. Qh3 Raf8 27. Rxh7 Rxh7 28. Qxh7 Qxh7 29. Rxh7+ 1-0